Science - Physics | 0 | 3 | 0 | 0 | 30 | 118 | 125.67 | 0 | 3 |
Social Science | 0 | 2 | 0 | 0 | 20 | 110 | 117.00 | 0 | 2 |
Fine Arts - Visual Fine Arts | 0 | 2 | 0 | 0 | 20 | 92 | 110.50 | 1 | 2 |
History - World History | 0 | 2 | 0 | 1 | 20 | 112 | 126.00 | 1 | 2 |
Other Academic | 0 | 2 | 0 | 0 | 20 | 103 | 116.00 | 0 | 2 |
Science - Chemistry | 0 | 2 | 0 | 0 | 20 | 118 | 120.00 | 0 | 2 |
Other Science: Computer Science | 0 | 1 | 0 | 0 | 10 | 106 | 106.00 | 0 | 1 |
Ancient History and Archaeology | 0 | 1 | 0 | 0 | 10 | 114 | 114.00 | 0 | 1 |
Science - Biology | 0 | 1 | 0 | 0 | 10 | 111 | 111.00 | 0 | 1 |
Fine Arts - Auditory Fine Arts | 0 | 1 | 0 | 0 | 10 | 123 | 123.00 | 0 | 1 |
Other Arts: Visual | 0 | 1 | 0 | 0 | 10 | 114 | 114.00 | 0 | 1 |
Other Science: Earth Science | 0 | 1 | 0 | 0 | 10 | 96 | 96.00 | 1 | 1 |
History - American History | 0 | 1 | 1 | 0 | 5 | 106 | 106.00 | 1 | 1 |
Chemistry> | 0 | 0 | 0 | 0 | 0 | | 0.00 | 0 | 0 |
Other Science: Astronomy | 0 | 0 | 1 | 0 | -5 | | 0.00 | 0 | 0 |
Current Events | 0 | 0 | 1 | 0 | -5 | | 0.00 | 0 | 0 |
Literature - British Literature | 0 | 0 | 1 | 0 | -5 | | 0.00 | 0 | 0 |
Geography | 0 | 0 | 1 | 0 | -5 | | 0.00 | 0 | 0 |